000
00283nam a22001217a 4500
082
_a
343,PAH
100
_a
PAHWA,S.P.
245
_a
APPEALS BEFORE TEX AUTHORITIES
260
_a
NEW DELHI
_b
PUSHPA PUBLICATIONS
_c
1984
300
_a
536
490
_a
TEX AUTHORITIES
942
_2
ddc
_c
BK
999
_c
10299
_d
10299